| 000 | 00453nam a2200193Ia 4500 | ||
|---|---|---|---|
| 008 | 170918s9999 xx 000 0 und d | ||
| 020 | _a9780439203401 | ||
| 050 | _bE669 1999 | ||
| 100 | _aErdrich, Louise | ||
| 245 | 4 | _aThe birchbark house / | |
| 245 | _cLouise Erdrich. | ||
| 260 | _aNew York : | ||
| 260 | _bScholastic, | ||
| 260 | _c1999 | ||
| 300 | _a239 pages : | ||
| 300 | _bcolored illustration ; | ||
| 300 | _c19cm. | ||
| 500 | _a970 | ||
| 999 |
_c342302 _d342302 |
||